Audiences for public television / (Record no. 2202)
[ view plain ]
| 000 -LEADER | |
|---|---|
| fixed length control field | 00887cam a2200277 a 4500 |
| 003 - CONTROL NUMBER IDENTIFIER | |
| control field | AKMAL |
| 005 - DATE AND TIME OF LATEST TRANSACTION | |
| control field | 20170515153530.0 |
| 008 - FIXED-LENGTH DATA ELEMENTS--GENERAL INFORMATION | |
| fixed length control field | 170515s1982 cau g b 000 0 eng d |
| 020 ## - INTERNATIONAL STANDARD BOOK NUMBER | |
| International Standard Book Number | 0803913893 |
| 040 ## - CATALOGING SOURCE | |
| Original cataloging agency | AKMAL |
| 082 00 - DEWEY DECIMAL CLASSIFICATION NUMBER | |
| Classification number | 384.5544 FRA |
| 090 00 - LOCALLY ASSIGNED LC-TYPE CALL NUMBER (OCLC); LOCAL CALL NUMBER (RLIN) | |
| Classification number (OCLC) (R) ; Classification number, CALL (RLIN) (NR) | 384.5544 |
| Local cutter number (OCLC) ; Book number/undivided call number, CALL (RLIN) | FRA |
| 100 1# - MAIN ENTRY--PERSONAL NAME | |
| Personal name | Frank, Ronald Edward, |
| Dates associated with a name | 1933- |
| 9 (RLIN) | 4634 |
| 245 10 - TITLE STATEMENT | |
| Title | Audiences for public television / |
| Statement of responsibility, etc. | Ronald E. Frank and Marshall G. Greenberg |
| 260 ## - PUBLICATION, DISTRIBUTION, ETC. | |
| Place of publication, distribution, etc. | Beverly Hills, Calif. : |
| Name of publisher, distributor, etc. | Sage Publications, |
| Date of publication, distribution, etc. | 1982 |
| 300 ## - PHYSICAL DESCRIPTION | |
| Extent | 230 p. ; |
| Dimensions | 23 cm. |
| 504 ## - BIBLIOGRAPHY, ETC. NOTE | |
| Bibliography, etc. note | Bibliography: p. 229-230 |
| 650 #0 - SUBJECT ADDED ENTRY--TOPICAL TERM | |
| Topical term or geographic name entry element | Television viewers |
| Geographic subdivision | United States |
| 9 (RLIN) | 4635 |
| 650 #0 - SUBJECT ADDED ENTRY--TOPICAL TERM | |
| Topical term or geographic name entry element | Public television |
| Geographic subdivision | United States |
| 9 (RLIN) | 4636 |
| 700 1# - ADDED ENTRY--PERSONAL NAME | |
| Personal name | Greenberg, Marshall G., |
| Dates associated with a name | 1935- |
| 9 (RLIN) | 4637 |
| 942 ## - ADDED ENTRY ELEMENTS (KOHA) | |
| Source of classification or shelving scheme | |
| Koha item type | Book |
| Withdrawn status | Lost status | Source of classification or shelving scheme | Damaged status | Not for loan | Collection code | Home library | Current library | Shelving location | Date acquired | Inventory number | Full call number | Barcode | Date last seen | Price effective from | Koha item type | Public note |
|---|---|---|---|---|---|---|---|---|---|---|---|---|---|---|---|---|
| NON-FICTION | AKMAL Melaka | AKMAL Melaka | PINJAMAN | 15.05.2017 | 301787 | 384.5544 FRA | 201706536 | 15.05.2017 | 15.05.2017 | Book | Dilupuskan. No. Fail. ARKIBMLK.600-6/9/1 Jld.8 ( ) |
